Predikcia vývoja agrárneho sektora Slovenska v podmienkach členstva EÚ
Širšie aspekty dôsledkov integrácie do EÚ na slovenský poľnohospodársky a potravinársky sektor, jeho medzinárodné postavenie a prostredie, v ktorom sa môže ocitnúť v čase vstupu a krátko po ňom. Výsledky sú prezentované v istej miere zovšeobecnenia a zjednodušenia tak, ako sa javia na základe modelo...
Saved in:
| Main Author: | |
|---|---|
| Format: | Book Chapter |
| Language: | Slovak |
| Subjects: | |
| Tags: |
No Tags, Be the first to tag this record!
|
MARC
| LEADER | 00000naa a2200000 4500 | ||
|---|---|---|---|
| 001 | r044952 | ||
| 005 | 20231004074409.7 | ||
| 041 | 0 | |a slo | |
| 044 | |a SK | ||
| 245 | 1 | 0 | |a Predikcia vývoja agrárneho sektora Slovenska v podmienkach členstva EÚ |c Marian Božík |
| 520 | |a Širšie aspekty dôsledkov integrácie do EÚ na slovenský poľnohospodársky a potravinársky sektor, jeho medzinárodné postavenie a prostredie, v ktorom sa môže ocitnúť v čase vstupu a krátko po ňom. Výsledky sú prezentované v istej miere zovšeobecnenia a zjednodušenia tak, ako sa javia na základe modelových simulácií. Naznačujú smery možného vývoja a s ním spojených rizík. Projekcie sú orientované hlavne na oblasť podmienok produkcie cien, nákladov, ekonomických výsledkov a politík pôsobiacich v prostredí jednotného trhu EÚ. | ||
| 610 | 2 | 0 | |a spolupráca hospodárska medzinárodná |
| 610 | 2 | 0 | |a politika poľnohospodárska |
| 610 | 2 | 0 | |a Slovensko |
| 610 | 2 | 0 | |a Európska únia |
| 610 | 2 | 0 | |a dotácie |
| 610 | 2 | 0 | |a modely ekonomicko-matematické |
| 610 | 2 | 0 | |a prognózy |
| 610 | 2 | 0 | |a reštrukturalizácia |
| 100 | 1 | |a Božík, Marian | |